000 00324nam a22001337a 4500
082 _a330
_bBAG
100 _aBagehot, Walter
_935613
245 _aEconomic Studies
260 _alondon
_bNew York & Bombay
_c1905
300 _a280 p,:
526 _a0
_b0
_c0
_d330_000000000000000_BAG
650 _aMCE
_9379
942 _2ddc
_cBK
999 _c552176
_d552176